| 000 | 00688nab a2200205 a 4500 | ||
|---|---|---|---|
| 005 | 20210219160754.0 | ||
| 008 | 991125s1985 mx 000 0 spa u | ||
| 035 | _aUPN01000172296 | ||
| 100 | 1 | _aGonzález y Aguilera, Crisanta Cruz | |
| 222 | _aENTRE MAESTROS : | ||
| 222 | _bREVISTA PARA MAESTROS DE EDUCACION BASICA | ||
| 245 | _aLa integración al aula regular de los niños con el síndrome de Asperger : las ventajas de las estrategias lúdicas en su proceso de aprendizaje | ||
| 260 | _aMéxico | ||
| 300 | _a6-15 | ||
| 362 | 0 | _a2008 Vol. 8, no. 24, mar.-jun. | |
| 653 | 0 | _aSINDROME DE ASPERGER | |
| 653 | 0 | _aJUEGO | |
| 653 | 0 | _aEDUCACION INCLUSIVA | |
| 905 | _aArticulo | ||
| 999 |
_c144400 _d144400 |
||